<?xml version="1.0" encoding="UTF-8"?><?xml-stylesheet type="text/xsl" href="static/style.xsl"?><OAI-PMH xmlns="http://www.openarchives.org/OAI/2.0/" xmlns:xsi="http://www.w3.org/2001/XMLSchema-instance" xsi:schemaLocation="http://www.openarchives.org/OAI/2.0/ http://www.openarchives.org/OAI/2.0/OAI-PMH.xsd"><responseDate>2026-05-14T12:10:12Z</responseDate><request verb="GetRecord" identifier="oai:riubu.ubu.es:10259/11214" metadataPrefix="marc">https://riubu.ubu.es/oai/request</request><GetRecord><record><header><identifier>oai:riubu.ubu.es:10259/11214</identifier><datestamp>2026-01-15T01:05:31Z</datestamp><setSpec>com_10259_4219</setSpec><setSpec>com_10259_5086</setSpec><setSpec>com_10259_2604</setSpec><setSpec>col_10259_4220</setSpec></header><metadata><record xmlns="http://www.loc.gov/MARC21/slim" xmlns:doc="http://www.lyncode.com/xoai" xmlns:xsi="http://www.w3.org/2001/XMLSchema-instance" xmlns:dcterms="http://purl.org/dc/terms/" xsi:schemaLocation="http://www.loc.gov/MARC21/slim http://www.loc.gov/standards/marcxml/schema/MARC21slim.xsd">
<leader>00925njm 22002777a 4500</leader>
<datafield tag="042" ind1=" " ind2=" ">
<subfield code="a">dc</subfield>
</datafield>
<datafield tag="720" ind1=" " ind2=" ">
<subfield code="a">Bustillo Iglesias, Andrés</subfield>
<subfield code="e">author</subfield>
</datafield>
<datafield tag="720" ind1=" " ind2=" ">
<subfield code="a">Pimenov, Danil Yurievich</subfield>
<subfield code="e">author</subfield>
</datafield>
<datafield tag="720" ind1=" " ind2=" ">
<subfield code="a">Mia, Mozammel</subfield>
<subfield code="e">author</subfield>
</datafield>
<datafield tag="720" ind1=" " ind2=" ">
<subfield code="a">Kapłonek, Wojciech</subfield>
<subfield code="e">author</subfield>
</datafield>
<datafield tag="260" ind1=" " ind2=" ">
<subfield code="c">2020-09</subfield>
</datafield>
<datafield tag="520" ind1=" " ind2=" ">
<subfield code="a">The acceptance of the machined surfaces not only depends on roughness parameters but also in the flatness deviation (Δfl). Hence, before reaching the threshold of flatness deviation caused by the wear of the face mill, the tool inserts need to be changed to avoid the expected product rejection. As current CNC machines have the facility to track, in real-time, the main drive power, the present study utilizes this facility to predict the flatness deviation—with proper consideration to the amount of wear of cutting tool insert’s edge. The prediction of deviation from flatness is evaluated as a regression and a classification problem, while different machine-learning techniques like Multilayer Perceptrons, Radial Basis Functions Networks, Decision Trees and Random Forest ensembles have been examined. Finally, Random Forest ensembles combined with Synthetic Minority Over-sampling Technique (SMOTE) balancing technique showed the highest performance when the flatness levels are discretized taking into account industrial requirements. The SMOTE balancing technique resulted in a very useful strategy to avoid the strong limitations that small experiment datasets produce in the accuracy of machine-learning models.</subfield>
</datafield>
<datafield tag="024" ind2=" " ind1="8">
<subfield code="a">0956-5515</subfield>
</datafield>
<datafield tag="024" ind2=" " ind1="8">
<subfield code="a">https://hdl.handle.net/10259/11214</subfield>
</datafield>
<datafield tag="024" ind2=" " ind1="8">
<subfield code="a">10.1007/s10845-020-01645-3</subfield>
</datafield>
<datafield tag="024" ind2=" " ind1="8">
<subfield code="a">1572-8145</subfield>
</datafield>
<datafield ind1=" " ind2=" " tag="653">
<subfield code="a">Face milling</subfield>
</datafield>
<datafield ind1=" " ind2=" " tag="653">
<subfield code="a">Wear</subfield>
</datafield>
<datafield ind1=" " ind2=" " tag="653">
<subfield code="a">Tool life</subfield>
</datafield>
<datafield ind1=" " ind2=" " tag="653">
<subfield code="a">Tool condition monitoring</subfield>
</datafield>
<datafield ind1=" " ind2=" " tag="653">
<subfield code="a">Flatness deviation</subfield>
</datafield>
<datafield ind1=" " ind2=" " tag="653">
<subfield code="a">Cutting power</subfield>
</datafield>
<datafield ind1=" " ind2=" " tag="653">
<subfield code="a">Random forest</subfield>
</datafield>
<datafield ind1=" " ind2=" " tag="653">
<subfield code="a">SMOTE</subfield>
</datafield>
<datafield tag="245" ind1="0" ind2="0">
<subfield code="a">Machine-learning for automatic prediction of flatness deviation considering the wear of the face mill teeth</subfield>
</datafield>
</record></metadata></record></GetRecord></OAI-PMH>